| 000 | 00774nam a2200205 a 4500 | ||
|---|---|---|---|
| 001 | 1171 | ||
| 003 | CO-ViMGA | ||
| 008 | 141112s2004 ck r 000 u spa d | ||
| 040 |
_aCO-ViMGA _bspa _cCO-ViMGA |
||
| 082 | 0 | 4 | _a624.1 N457 |
| 100 | 1 |
_aNilson, Arthur H _949269 |
|
| 245 | 1 | 0 |
_aDiseño de estructuras de concreto / _cNilson Arthur H , Winter George |
| 250 | _a11a | ||
| 260 |
_aSantafé de Bogotá : _bMcGraw Hill, _c1994 |
||
| 300 | _a770 p : il | ||
| 505 | _aAnálisis y diseño a flexión de vigas 56 - - Cortante y tensión diagonal en vigas 100 - - Columnas esbeltas 268 - - Losas apoyadas en los bordes 354 - - Metodo de las franjas para losas 458 - - Muros de contensión 572 | ||
| 650 | 1 | 4 | _aESTRUCTURAS |
| 650 | 1 | 4 |
_aINGENIERIA _949271 |
| 942 |
_2ddc _cBK |
||
| 999 |
_c13393 _d13393 |
||